| 000 | 00624nam a22001817a 4500 | ||
|---|---|---|---|
| 003 | OSt | ||
| 005 | 20251113090316.0 | ||
| 008 | 251113b |||||||| |||| 00| 0 eng d | ||
| 020 | _a971-685-716-0 | ||
| 040 |
_aDWC-Main Lib. _cOC |
||
| 082 | _aFil. 370.71 938f 2010 | ||
| 100 | _aLUCAS, MARIA RITA D. | ||
| 245 |
_aField study 1 : _bthe learner's development and environment/ _cMARIA RITA D. LUCAS |
||
| 260 |
_aManila : _bLorimar Publishing, _cc2010. |
||
| 300 |
_axii, 59 pages : _billustrations ; _c28 cm. |
||
| 650 | _a1. Practice teaching--Philippines--Handbooks, manuals, etc. | ||
| 942 |
_2ddc _cBK - FIL _hFil. _n0 |
||
| 999 |
_c5669 _d5669 |
||